| 000 | 005950000a22001810004500 | ||
|---|---|---|---|
| 003 | MACL | ||
| 005 | 20160320163851.0 | ||
| 008 | 160320b xxu||||| |||| 00| 0 eng d | ||
| 040 |
_aMACL _cMACL |
||
| 041 | _aHindi | ||
| 082 | _a070 | ||
| 100 |
_aआर के गुप्ता _947920 |
||
| 245 | _aसमाचार पत्र सम्पादन एवं पृष्ठ सज्जा | ||
| 260 |
_bअनीता पुस्तक सदन _c2007 _aप्रतापगढ |
||
| 350 | _a550 | ||
| 650 |
_aNews Media Journalism _9338 |
||
| 942 |
_cHIN _k070 _2ddc |
||
| 999 |
_c22267 _d22267 |
||